000 00280nam a2200121Ia 4500
008 191201s2014 xx 000 0 und d
100 _aNARWAL, J K
245 0 _aMechanical Vibrations
260 _aN. Delhi
_bVayu
_c2014
300 _a731
650 _aB.Tech(ME)
942 _2ddc
_cBK
999 _c6129
_d6129